000 00705nam a22002177a 4500
003 OSt
005 20260302234839.0
008 260204b |||||||| |||| 00| 0 eng d
020 _a9781844034128
040 _aDWCL-Main Lib
_cOC
082 _aGR. 910 B855 2005
100 _aBRight, Michael
245 _a1001 natural wonders you must see before you die
260 _aGreat Britain :
_b Quintet Publishing : Cassell Illustrated,
_cc2005
300 _a960 p. :
_bchiefly col. ;
_c21 cm.
504 _aIncludes bibliographical reference and index.
650 _aGeography - pictorial works
650 _aGeography - wonders of the world.
650 _aGeography and travel.
942 _2ddc
_cGR
_mGR.
_n0
999 _c8263
_d8263